00546nam a2200169 a 450000100060000000300090000600800410001502000150005604000280007108200170009910000360011624500340015226000820018630000110026865000560027965000410033511026CO-ViMGA141112s2004 ck r 000 u spa d a9589602770 aCO-ViMGAbspacCO-ViMGA04a629.04 Ch5451 aChocontá Rojas, Pedro Antonio10aDiseño Geometrico de Vías aSantafé de Bogotá, cEditorial Escuela Colombiana de Ingeniería, c1998 a226 p.14aCONSTRUCCION DE CARRETERAS - PROBLEMAS - EJERCICIOS14aINGENIERIA DE TRANSITO - ENSEÑANZA